Grundriss der Serologie /

Hlavní autor: Ascoli, Alberto, 1877-1957
Další autoři: Hoffmann, Rudolf Stephan, 1878-1931
Jazyk: Němčina
Vydáno: Wien : Verlag von Josef Šafář, 1921
Vydání: 3., verb. und verm. Aufl.
Témata:
Fyzický popis: iv, 272 s. : il.
Knihy
Uloženo v:
LEADER 01137nam a22003012a 4500
001 001834314
003 CZ BrMZK
005 20220914104420.0
007 ta
008 220914s1921 au a er|||||||||||ger d
040 |a ABA001  |b cze  |c ABA001  |d BOD002  |d BOA001 
072 7 |a 57  |x Obecná biologie  |2 Konspekt  |9 2 
080 |a 57.083.33  |2 MRF 
080 |a 57  |2 MRF 
100 1 |a Ascoli, Alberto,  |d 1877-1957  |7 xx0098826  |4 aut 
245 1 0 |a Grundriss der Serologie /  |c von Alberto Ascoli ; deutsche Ausgabe von Rudolf Stephan Hoffmann 
250 |a 3., verb. und verm. Aufl. 
260 |a Wien :  |b Verlag von Josef Šafář,  |c 1921 
300 |a iv, 272 s. :  |b il. 
500 |a Mit 29 Figuren und zahlreichen Tabellen im Texte und 8 farbigen Tafeln 
650 0 7 |a sérologie  |7 ph538417  |2 czenas 
700 1 |a Hoffmann, Rudolf Stephan,  |d 1878-1931  |7 xx0098837  |4 trl 
910 |a BOA001  |b 2-0227.850 
990 |a BK 
993 |a Y 
991 |b 202209 
996 7 |b 2618749049  |c 2-0227.850  |l MZK  |r Sklad / do 24 hodin  |n 0  |w 001899313  |u 000020  |a 1  |e BOA001  |j MZK50  |s A 
996 7 |b 2618749050  |c 2-0227.850  |l MZK  |r Sklad / do 24 hodin  |n 0  |w 001899313  |u 000010  |a 1  |e BOA001  |j MZK50  |s A